The Witness of God's People in The World: Romans [8-16] (Record no. 22708)

MARC details
000 -LEADER
fixed length control field 00325nam a22001337a 4500
020 ## - INTERNATIONAL STANDARD BOOK NUMBER
ISBN 8178212807
082 ## - DEWEY DECIMAL CLASSIFICATION NUMBER
Classification number 227 THO5
100 ## - MAIN ENTRY--AUTHOR NAME
Author name Thomas, M.M.
245 ## - TITLE STATEMENT
Title The Witness of God's People in The World: Romans [8-16]
260 ## - PUBLICATION, DISTRIBUTION, ETC. (IMPRINT)
Place of publication Tiruvalla, Kerala
Name of publisher CSS Books
Year of publication 2010
300 ## - PHYSICAL DESCRIPTION
Number of Pages 110
650 ## - SUBJECT ADDED ENTRY--TOPICAL TERM
Topical Term Epistles
942 ## - ADDED ENTRY ELEMENTS (KOHA)
Koha item type Books
Holdings
Home library Current library Shelving location Date acquired Source of acquisition Cost, normal purchase price Full call number Accession Number Koha item type
Henry Martyn Institute Library Henry Martyn Institute Library General stacks 05/06/2015 CSS 75.00 227 THO5 11003218 Books
                   Copyright © 2026 | Henry Martyn Institute | Hyderabad | TS-500052 | INDIA | Implemented by hmi.edu.in
Hit-Count:

Powered by Koha